000 00765 a2200241 4500
005 20260107120134.0
008 260107b |||||||| |||| 00| 0 eng d
020 _a978-90-24-35565-1 (hbk)
037 _cTB
040 _aCRL
_cCRL
084 _aV58:1.P Q8
_qCRL
100 _aNatalia Murray
_9821407
245 _aArt for the workers:
_bProletarian art and festive decorations of petrograd, 1917-1920
260 _bBrill
_c2018
300 _a303p
365 _b148
_cEURO
490 _aRussian history and culture
_v20
650 _2History
650 _2Russia History
650 _2Civilisation
942 _cTB
_2CC
_n0
_hV58:1.P Q8
999 _c1435489
_d1435489